000 nam a22 7a 4500
999 _c9244
_d9244
008 180125b ||||| |||| 00| 0 eng d
100 _aSharma V P
_95503
245 _aEnglish Guide IX
260 _aNew Delhi
_bCareer Publication
_c2002